| 000 | 00607nam a2200205Ia 4500 | ||
|---|---|---|---|
| 005 | 20260415160348.0 | ||
| 008 | 008 250505s9999 xx 000 0 eng d | ||
| 037 | _aTextual | ||
| 040 |
_aFEDL _beng _cFEDL |
||
| 041 |
_aeng _2eng |
||
| 084 |
_a150.195 BAN _qFEDL |
||
| 100 |
_aBankoff George _9755887 |
||
| 245 | 0 | _aConquest of brain mysteries: Story and secrets of the human mind | |
| 260 |
_aLondon, UK _bMacDonald and Evans Ltd. _c1947 |
||
| 300 | _avii,174p | ||
| 365 |
_aINR _b5 |
||
| 650 | _aPsychology | ||
| 942 |
_cTEXL _h150.195 BAN |
||
| 999 |
_c1322116 _d1322116 |
||